000 01010nam a2200313 a 4500
001 56001
003 BD-RjUL
005 20211209080336.0
008 161124s1968 enk 001 0 eng d
020 _a0719043557 (pbk)
020 _a41669890
035 _a(BD-RjUL) 56125
040 _aUKM
_cUKM
_dBD-RjUL
_beng
041 _aeng
082 0 4 _a822.3
_223
_bWEW 1968
100 1 _aWebster, John,
_d1580?-1625?
_9166703
245 1 4 _aThe white devil /
_cJohn Webster ; edited by John Russell Brown.
250 _a2nd ed.
260 _aManchester ;
_aLondon:
_bManchester University Press;
_bMethuen & Co. ltd,
_c1966 [reprinted 1968]
300 _alxxiii, 205 p. ;
_c20 cm.
490 1 _aRevels student editions
500 _aInclude index
650 0 _aEnglish drama
_yEarly modern and Elizabethan, 1500-1600.
_9159973
650 0 _aRevenge
_vDrama.
_9166704
700 1 _aBrown, John Russell.
_9241786
830 0 _aRevels student editions.
_9241787
942 _2ddc
_cBK
999 _c56001
_d56001